00320nam a2200133Ia 45000030006000000080041000060400015000471000016000622450042000782600031001203000006001515460012001570050017001690STCL150530s9999 xx 000 0 und d aSTCLcSTCL aSarangi, J. aExplorations in Indian English Poetry bAuthors Press; Delhic2007 a0 aEnglish20220125170644.0